[Event "Championnat de France des Jeunes - Minim"]
[Site "AIX LES BAINS"]
[Date "2009.04.20"]
[Round "3.9"]
[White "Manoeuvre, Antoine"]
[Black "Youssoupov, Moisse"]
[Result "1-0"]
[WhiteElo "2150"]
[BlackElo "1942"]
[PlyCount "77"]

1. d4 Nf6 2. c4 c5 3. d5 e6 4. Nc3 exd5 5. cxd5 d6 6. e4 g6 7. f4 Bg7 8. Bb5+
Nfd7 9. a4 Na6 10. Nf3 O-O 11. O-O Nc7 12. Bc4 Nb6 13. Be2 Bg4 14. a5 Nd7 15.
Be3 Bxf3 16. Bxf3 Rb8 17. Qd3 a6 18. Bg4 Re8 19. Kh1 Nf6 20. Bf3 Nd7 21. Rf2 b5
22. axb6 Rxb6 23. Na4 Rb4 24. Bd2 Rd4 25. Qc2 Nb5 26. Nc3 Qb6 27. Ne2 Rb8 28.
Ba5 Qa7 29. Nxd4 Nxd4 30. Qc4 Nb6 31. Bxb6 Rxb6 32. Qa4 Qb8 33. Rb1 Nb5 34. Re1
Nd4 35. e5 dxe5 36. fxe5 Bxe5 37. d6 Rb4 38. Qd7 f6 39. Bd5+ 1-0

[Event "Championnat de France des Jeunes - Minim"]
[Site "AIX LES BAINS"]
[Date "2009.04.20"]
[Round "3.10"]
[White "Dubessay, Bastien"]
[Black "Delalee, Paul"]
[Result "1-0"]
[WhiteElo "2134"]
[BlackElo "1939"]
[PlyCount "63"]

1. d4 Nf6 2. c4 e6 3. Nf3 b6 4. Nc3 Bb4 5. Bg5 Bb7 6. e3 O-O 7. Bd3 h6 8. Bh4
d6 9. O-O Bxc3 10. bxc3 Nbd7 11. Nd2 e5 12. f3 Re8 13. Re1 Nf8 14. Be4 Bxe4 15.
Nxe4 g5 16. Bg3 Ng6 17. Qc2 Qe7 18. Rad1 Nh5 19. Bf2 f5 20. g4 Ng7 21. gxf5
Nxf5 22. Nxd6 Nfh4 23. Bxh4 Nxh4 24. Nxe8 Nxf3+ 25. Kh1 Nxe1 26. Qg6+ Kh8 27.
Qxh6+ Qh7 28. Qf6+ Kg8 29. Qc6 Qf7 30. Nf6+ Kg7 31. Rxe1 Qxf6 32. Qxa8 1-0

[Event "Championnat de France des Jeunes - Minim"]
[Site "AIX LES BAINS"]
[Date "2009.04.20"]
[Round "3.11"]
[White "Dionisi, Thomas"]
[Black "L'Huillier, Robin"]
[Result "1-0"]
[WhiteElo "2129"]
[BlackElo "1932"]
[PlyCount "107"]

1. e4 e5 2. Nf3 Nc6 3. Bb5 a6 4. Bxc6 dxc6 5. O-O f6 6. d4 exd4 7. Nxd4 c5 8.
Nb3 Qxd1 9. Rxd1 Bg4 10. f3 Bd7 11. Bf4 O-O-O 12. Nc3 c4 13. Nd4 Bc5 14. Be3
Re8 15. Kf2 Ne7 16. Nf5 Bxe3+ 17. Nxe3 b5 18. Rd2 Be6 19. Rad1 Kb7 20. Ncd5
Nxd5 21. Nxd5 Rhf8 22. c3 Rf7 23. Nf4 Bc8 24. Rd8 Rfe7 25. Nh5 Rxd8 26. Rxd8 f5
27. e5 g6 28. Nf6 f4 29. Re8 Rxe8 30. Nxe8 Bf5 31. Ng7 Kc6 32. Nxf5 gxf5 33. g3
Kd5 34. gxf4 Ke6 35. Kg3 Kf7 36. Kh4 Kg6 37. a3 a5 38. e6 c5 39. e7 Kf7 40. Kg5
b4 41. Kh6 bxa3 42. bxa3 Kxe7 43. Kxh7 Kd6 44. Kg6 Kc6 45. h4 Kb5 46. h5 Ka4
47. h6 Kxa3 48. h7 Kb2 49. h8=Q a4 50. Kxf5 a3 51. Ke4 a2 52. Qa8 a1=Q 53.
Qxa1+ Kxa1 54. Kd5 1-0

[Event "Championnat de France des Jeunes - Minim"]
[Site "AIX LES BAINS"]
[Date "2009.04.20"]
[Round "3.12"]
[White "Ane, Cedric"]
[Black "Duboue, Peio"]
[Result "1-0"]
[WhiteElo "2060"]
[BlackElo "1926"]
[PlyCount "61"]

1. d4 d5 2. Nf3 Nf6 3. c4 e6 4. Nc3 Be7 5. e3 O-O 6. Bd3 b6 7. O-O Bb7 8. cxd5
exd5 9. Ne5 Nbd7 10. f4 Ne4 11. Qa4 Nxe5 12. fxe5 f6 13. exf6 Nxf6 14. Bd2 Bd6
15. Qd1 c6 16. Qe2 Qc7 17. g3 Rae8 18. Qg2 Kh8 19. Rf3 Re7 20. Raf1 Rfe8 21. g4
Qd8 22. Qf2 Kg8 23. Qh4 h6 24. g5 hxg5 25. Qxg5 Re6 26. Bf5 R6e7 27. Bg6 Rf8
28. e4 dxe4 29. Nxe4 Re6 30. Qh4 Qc7 31. Rh3 1-0

[Event "Championnat de France des Jeunes - Minim"]
[Site "AIX LES BAINS"]
[Date "2009.04.20"]
[Round "3.13"]
[White "Fourcand, Pierre"]
[Black "Ternault, Mathieu"]
[Result "0-1"]
[WhiteElo "2014"]
[BlackElo "1911"]
[PlyCount "82"]

1. e4 c5 2. c3 b6 3. d4 Bb7 4. Bd3 Nf6 5. Qe2 cxd4 6. cxd4 Nc6 7. d5 Nb4 8. Nc3
e5 9. Bb1 Bc5 10. a3 Na6 11. Nf3 Qe7 12. b4 Bd6 13. Bd3 Nc7 14. Nd2 O-O 15. Nc4
Nce8 16. Nxd6 Nxd6 17. O-O Rfc8 18. Bb2 Nfe8 19. f4 f6 20. fxe5 fxe5 21. Nd1
Nf6 22. Nf2 Nde8 23. Nd1 Rc7 24. Ne3 Nd6 25. b5 Rf8 26. Nf5 Nxf5 27. Rxf5 d6
28. a4 Bc8 29. Rff1 Bg4 30. Qe3 Nh5 31. Rxf8+ Kxf8 32. a5 bxa5 33. Rxa5 Nf4 34.
Bf1 Qg5 35. Kh1 Qf6 36. Qf2 Nxd5 37. Qxf6+ Nxf6 38. Bd3 Bd1 39. Ba3 Ke7 40. Ra6
Ne8 41. Bb4 Be2 0-1

[Event "Championnat de France des Jeunes - Minim"]
[Site "AIX LES BAINS"]
[Date "2009.04.20"]
[Round "3.14"]
[White "Botto, Julien"]
[Black "Brunier, Jules"]
[Result "0-1"]
[WhiteElo "1923"]
[BlackElo "2004"]
[PlyCount "90"]

1. e4 e6 2. d4 d5 3. Nd2 Nc6 4. c3 e5 5. Bb5 exd4 6. cxd4 dxe4 7. Nxe4 Qd5 8.
Qe2 Be6 9. Nf3 O-O-O 10. Nc3 Qd6 11. Be3 Nf6 12. O-O Nb4 13. Rac1 Nbd5 14. Nxd5
Nxd5 15. Ne5 h5 16. Nc4 Qe7 17. Na5 Qb4 18. Nb3 a6 19. Bd3 Bd6 20. Nc5 Bg4 21.
Qc2 Rhe8 22. Qd2 Qxd2 23. Bxd2 Nf4 24. Bxf4 Bxf4 25. Rce1 Bd2 26. Rxe8 Rxe8 27.
Nb3 Bg5 28. h3 Be6 29. Bc2 Rd8 30. Rd1 Bf6 31. Kf1 b6 32. Bd3 Kb7 33. Be4+ c6
34. Rc1 Rd6 35. Rc3 g5 36. Ke2 a5 37. Ke3 a4 38. Nc1 Bxd4+ 39. Kd3 Bxc3+ 40.
Kxc3 Bd5 41. Bxd5 Rxd5 42. Nd3 c5 43. b3 axb3 44. axb3 Kc6 45. f3 Rxd3+ 0-1

[Event "Championnat de France des Jeunes - Minim"]
[Site "AIX LES BAINS"]
[Date "2009.04.20"]
[Round "3.15"]
[White "Naudion, Gregoire"]
[Black "Lebon, Yohan"]
[Result "1-0"]
[WhiteElo "1938"]
[BlackElo "1758"]
[PlyCount "77"]

1. e4 e6 2. d4 d5 3. e5 c5 4. c3 Nc6 5. Nf3 Qb6 6. Bd3 Bd7 7. O-O cxd4 8. cxd4
Nxd4 9. Nxd4 Qxd4 10. Nc3 Qb6 11. Qe2 Ne7 12. Kh1 Ng6 13. f4 Bb4 14. f5 Bxc3
15. fxg6 hxg6 16. bxc3 O-O-O 17. Be3 Qa5 18. Rxf7 Rh5 19. Bxg6 Rxe5 20. Qf2 Bc6
21. Bf4 Qxc3 22. Bxe5 Qxe5 23. Re1 Qc3 24. Qg3 Qxg3 25. hxg3 d4 26. Be4 d3 27.
Bxc6 bxc6 28. Re7 d2 29. Rd1 Rd6 30. Rxg7 c5 31. Rg5 c4 32. Rc5+ Kd7 33. Rxc4
e5 34. Rc2 e4 35. Rcxd2 Rxd2 36. Rxd2+ Ke6 37. Kg1 Ke5 38. Kf1 e3 39. Rd8 1-0

[Event "Championnat de France des Jeunes - Minimettes"]
[Site "AIX LES BAINS"]
[Date ""]
[Round "3.1"]
[White "Neuhauser, Salome"]
[Black "Armas, Lena"]
[Result "1-0"]
[WhiteElo "1977"]
[BlackElo "1814"]
[Annotator ""]

1. c4 Nf6 2. Nc3 g6 3. g3 Bg7 4. Bg2 O-O 5. Nf3 d6 6. O-O c6 7. d4 Qa5 8. e4
Qh5 9. Re1 Bh3 10. Bh1 Nbd7 11. Qb3 Nb6 12. Bf4 Nfd7 13. e5 dxe5 14. Nxe5 Nxe5
15. Bxe5 Be6 16. Bxg7 Bxc4 17. Qb4 Kxg7 18. Rxe7 Rab8 19. Rae1 Be6 20. R1xe6
1-0

[Event "Championnat de France des Jeunes - Minim"]
[Site "AIX LES BAINS"]
[Date "2009.04.20"]
[Round "3.2"]
[White "Copin, Oceane"]
[Black "Haussernot, Cecile"]
[Result "0-1"]
[WhiteElo "1790"]
[BlackElo "1924"]
[PlyCount "86"]

1. d4 Nf6 2. Nf3 c5 3. c3 g6 4. Bg5 Bg7 5. e3 d5 6. Nbd2 O-O 7. Be2 Nc6 8. O-O
h6 9. Bh4 Bf5 10. h3 c4 11. Bg3 b5 12. b4 a5 13. a3 Nh5 14. Bh2 Nf6 15. Ne5
Nxe5 16. Bxe5 g5 17. Re1 Bg6 18. Bf3 Bd3 19. Be2 Bg6 20. Bf3 e6 21. Bh2 Ne4 22.
Nxe4 dxe4 23. Bh5 Bh7 24. f3 Qd5 25. fxe4 Bxe4 26. Bf3 f5 27. Qe2 Kh7 28. Bc7
axb4 29. axb4 Rfc8 30. Bh2 Kh8 31. Red1 Bf6 32. Re1 Rg8 33. Kh1 g4 34. hxg4
fxg4 35. Bxg4 Bh4 36. Red1 Raf8 37. Be5+ Bf6 38. Bxf6+ Rxf6 39. Rf1 Rfg6 40.
Bf3 Rxg2 41. Bxe4 Qxe4 42. Rf4 Rg1+ 43. Kh2 Qh1# 0-1

[Event "Championnat de France des Jeunes - Minim"]
[Site "AIX LES BAINS"]
[Date "2009.04.20"]
[Round "3.3"]
[White "Auvray, Juliette"]
[Black "Alonso, Audrey"]
[Result "1-0"]
[WhiteElo "1921"]
[BlackElo "1774"]
[PlyCount "61"]

1. e4 e5 2. Nf3 Nc6 3. Nc3 Nf6 4. d4 exd4 5. Nxd4 Bc5 6. Nxc6 bxc6 7. Bd3 d6 8.
O-O Bg4 9. Be2 Bxe2 10. Qxe2 Nd7 11. Kh1 O-O 12. f4 Qe7 13. Bd2 Rfe8 14. Rae1
Rab8 15. b3 Bd4 16. Qc4 c5 17. Nb5 Nb6 18. Qd3 Bf6 19. a4 a6 20. Nc3 Bxc3 21.
Bxc3 Ra8 22. Qg3 Qf8 23. a5 Nd7 24. Rf3 Re7 25. Qh4 f5 26. Rh3 g6 27. exf5
Rxe1+ 28. Bxe1 Nf6 29. fxg6 h5 30. Bc3 Re8 31. Kg1 1-0

[Event "Championnat de France des Jeunes - Minim"]
[Site "AIX LES BAINS"]
[Date "2009.04.20"]
[Round "3.4"]
[White "De Seroux, Camille"]
[Black "Saucey, Capucine"]
[Result "1-0"]
[WhiteElo "1909"]
[BlackElo "1764"]
[PlyCount "71"]

1. e4 e5 2. Nf3 Nc6 3. Bc4 Nf6 4. d3 Be7 5. h3 d6 6. Nbd2 Be6 7. Bb3 Bxb3 8.
axb3 d5 9. exd5 Nxd5 10. O-O O-O 11. Re1 f6 12. Nc4 Bc5 13. c3 a6 14. Ne3 Nf4
15. d4 exd4 16. Nf5 Ng6 17. N3xd4 Nxd4 18. Nxd4 Bxd4 19. cxd4 Qd5 20. Qc2 Rac8
21. Qc4 Rfd8 22. Re8+ Kf7 23. Qxd5+ Rxd5 24. Rxc8 Rd7 25. Rb8 c6 26. Be3 Ne7
27. Re1 Nf5 28. Kf1 Nd6 29. Bf4 Nb5 30. Be3 Nd6 31. Rc1 Ke7 32. Re1 Kf7 33. Bd2
Nf5 34. Bc3 Ne7 35. Ba5 Nd5 36. Rd8 1-0

[Event "Championnat de France des Jeunes - Minim"]
[Site "AIX LES BAINS"]
[Date "2009.04.20"]
[Round "3.5"]
[White "Thuret, Marine"]
[Black "Le Bail, Arielle"]
[Result "0-1"]
[WhiteElo "1764"]
[BlackElo "1859"]
[PlyCount "98"]

1. e4 e6 2. d4 d5 3. exd5 exd5 4. Nf3 Bg4 5. Qe2+ Qe7 6. Be3 Nf6 7. Nc3 c6 8.
h3 Bh5 9. g4 Bg6 10. Ne5 Nbd7 11. f4 Be4 12. Rg1 O-O-O 13. g5 Ne8 14. Nxe4 dxe4
15. O-O-O f6 16. Nc4 Nc7 17. Na5 Qb4 18. Nb3 Nd5 19. Bd2 Qe7 20. c4 e3 21. cxd5
exd2+ 22. Qxd2 cxd5 23. Kb1 Kb8 24. Rc1 Nb6 25. Nc5 Qf7 26. Qb4 Bd6 27. Bd3
Rhe8 28. g6 Qf8 29. gxh7 Bxf4 30. Rc2 Re3 31. a4 Bd6 32. Rd1 Qe7 33. a5 Nc4 34.
b3 Bxc5 35. dxc5 Ne5 36. Bf5 g6 37. Bg4 Qxh7 38. c6 Qc7 39. a6 Nxc6 40. Qa4 f5
41. Be2 Qb6 42. Kb2 Nb4 43. Rcd2 Re4 44. Bc4 d4 45. axb7 Qxb7 46. Ka3 Nc6 47.
Bb5 Ne5 48. Rc1 d3 49. Qa5 Rd5 0-1

[Event "Championnat de France des Jeunes - Minim"]
[Site "AIX LES BAINS"]
[Date "2009.04.20"]
[Round "3.6"]
[White "Soubirou, Oriane"]
[Black "Benac, Anais"]
[Result "1-0"]
[WhiteElo "1855"]
[BlackElo "1680"]
[PlyCount "121"]

1. e4 e5 2. Nf3 Nc6 3. Bb5 a6 4. Bxc6 dxc6 5. O-O Bd6 6. d4 Bg4 7. dxe5 Bxf3 8.
Qxf3 Bxe5 9. c3 Nf6 10. Bg5 O-O 11. Qh3 Qd7 12. Qxd7 Nxd7 13. Rd1 Nf6 14. f3 h6
15. Be3 Rad8 16. Na3 g5 17. Nc4 Bf4 18. Bc5 Rxd1+ 19. Rxd1 Re8 20. g3 Be5 21.
Kg2 Kg7 22. Be3 b5 23. Na5 Re6 24. f4 Ng4 25. Bc1 gxf4 26. gxf4 Rg6 27. Rh1 Bd6
28. h3 Ne5+ 29. Kf2 Nd3+ 30. Kf3 Nxc1 31. Rxc1 Bc5 32. Rd1 Bb6 33. Nb3 Rd6 34.
Nd4 Kf8 35. e5 Rd5 36. Ke4 a5 37. a3 Ke8 38. Rg1 Kf8 39. Rc1 Rc5 40. Nf5 h5 41.
Rd1 Ke8 42. Ng7+ Ke7 43. Nxh5 Rc4+ 44. Kf3 b4 45. axb4 axb4 46. Rd3 bxc3 47.
Rxc3 Rb4 48. b3 Bd4 49. Rd3 c5 50. Ng3 Ke6 51. h4 f6 52. exf6 Kxf6 53. h5 Kf7
54. Ne4 Kg7 55. Ng3 Kf7 56. Kg4 Kg7 57. Nf5+ Kf6 58. h6 Kg6 59. Rh3 Be5 60.
Ne7+ Kf6 61. Nd5+ 1-0

[Event "Championnat de France des Jeunes - Minim"]
[Site "AIX LES BAINS"]
[Date "2009.04.20"]
[Round "3.7"]
[White "Daadaa, Soha"]
[Black "Lefevre, Margaux"]
[Result "0-1"]
[WhiteElo "1590"]
[BlackElo "2021"]
[PlyCount "86"]

1. d4 Nf6 2. c4 c5 3. d5 b5 4. cxb5 a6 5. b6 Qxb6 6. Nc3 d6 7. e4 g6 8. Nf3 Bg4
9. Be2 Nbd7 10. O-O Bg7 11. Qc2 O-O 12. Nd2 Bxe2 13. Nxe2 Ne8 14. Nc4 Qc7 15.
Bd2 Ne5 16. Na5 e6 17. f4 Ng4 18. h3 Ngf6 19. dxe6 fxe6 20. Rac1 Rc8 21. Qc4
Qd7 22. Bc3 d5 23. exd5 exd5 24. Qxa6 Nd6 25. Bxf6 Bxf6 26. Qd3 Qf7 27. Nc3
Bd4+ 28. Kh1 Nf5 29. Qf3 c4 30. b4 Bxc3 31. Rxc3 d4 32. Rcc1 Ne3 33. Rf2 Rfd8
34. Nc6 Rd6 35. Nxd4 Nd5 36. Nb5 Re6 37. Kh2 Re3 38. Qg4 Rc6 39. a3 c3 40. Rfc2
Qf6 41. Kg1 Nxf4 42. Rf1 Rc4 43. g3 Qb6 0-1

[Event "Championnat de France des Jeunes - Minim"]
[Site "AIX LES BAINS"]
[Date "2009.04.20"]
[Round "3.8"]
[White "Bellotti, Charlotte"]
[Black "Pinault, Mailys"]
[Result "1/2-1/2"]
[WhiteElo "1758"]
[BlackElo "1686"]
[PlyCount "93"]

1. c4 e5 2. Nc3 Bc5 3. d3 Nf6 4. g3 d6 5. Bg2 Nc6 6. e3 O-O 7. Nge2 Bf5 8. O-O
Bb6 9. a3 Re8 10. b4 Rb8 11. Na4 Ne7 12. Nxb6 axb6 13. Bb2 Qd7 14. Re1 Ng6 15.
d4 Bh3 16. Bh1 Qf5 17. Nc3 h5 18. e4 Qd7 19. d5 Qe7 20. Bc1 Ng4 21. Ra2 Qf6 22.
f3 Nh6 23. Bxh6 gxh6 24. Rf2 h4 25. g4 Nf4 26. Ne2 Kh7 27. Nxf4 Qxf4 28. Bg2
Bxg2 29. Rxg2 Rg8 30. h3 Ra8 31. Qd3 Ra6 32. Qe3 Qxe3+ 33. Rxe3 Rga8 34. Ra2
Ra4 35. Rb3 R4a7 36. Kf2 Kg6 37. Ke2 Kg5 38. Ke3 Rg8 39. Rf2 Rga8 40. Ra2 Rg8
41. a4 Rga8 42. Rba3 Rg8 43. b5 Ra5 44. Ra1 Rga8 45. R1a2 R8a7 46. Ra1 Ra8 47.
R1a2 1/2-1/2

[Event "Championnat de France des Jeunes - Minim"]
[Site "AIX LES BAINS"]
[Date "2009.04.20"]
[Round "3.9"]
[White "Roger, Juliette"]
[Black "Llacer, Cassandra"]
[Result "0-1"]
[WhiteElo "1520"]
[BlackElo "1910"]
[PlyCount "86"]

1. e4 d5 2. exd5 Qxd5 3. Nc3 Qd6 4. Bc4 Nf6 5. d3 a6 6. h3 e6 7. Nf3 b5 8. Bb3
Bb7 9. O-O Be7 10. Qe2 O-O 11. Rd1 Qb6 12. Be3 c5 13. a3 Nbd7 14. Rab1 Qc7 15.
Bg5 Rfe8 16. Qe3 Bd6 17. Qe2 Nd5 18. Ne4 Rac8 19. Nxd6 Qxd6 20. c4 N5b6 21. Ba2
Nb8 22. Be3 e5 23. b4 N6d7 24. bxc5 Nxc5 25. cxb5 axb5 26. Rxb5 Ba6 27. Rxc5
Rxc5 28. Bxc5 Qxc5 29. Qb2 h6 30. Qb3 Qc7 31. Qa4 Rd8 32. Bc4 Bb7 33. Qa7 Nc6
34. Qc5 e4 35. Nh2 Qe5 36. Qe3 exd3 37. Rxd3 Rxd3 38. Qxd3 Qc7 39. Qd2 Qb6 40.
a4 Nd4 41. Qe3 Qc6 42. Bf1 Qxa4 43. Qf4 Ne2+ 0-1

[Event "Championnat de France des Jeunes - Minim"]
[Site "AIX LES BAINS"]
[Date "2009.04.20"]
[Round "3.10"]
[White "Vedrenne, Louise"]
[Black "Colin, Phanie"]
[Result "0-1"]
[WhiteElo "1530"]
[BlackElo "1800"]
[PlyCount "60"]

1. d4 Nf6 2. c4 g6 3. Nc3 Bg7 4. Nf3 O-O 5. e4 d6 6. h3 e5 7. d5 Na6 8. Bd3 Nc5
9. Bg5 Nxd3+ 10. Qxd3 h6 11. Be3 a6 12. a4 a5 13. Qd2 Kh7 14. g4 Ng8 15. Ke2
Bd7 16. Rag1 Qe8 17. b3 Qe7 18. h4 Rfe8 19. h5 g5 20. Bxg5 hxg5 21. Nxg5+ Kh8
22. h6 Bxh6 23. Rh4 Kg7 24. Rh5 f6 25. Ne6+ Bxe6 26. Rxh6 Nxh6 27. dxe6 Rh8 28.
g5 fxg5 29. Qxg5+ Kh7 30. Rg2 Rag8 0-1

[Event "Championnat de France des Jeunes - Minim"]
[Site "AIX LES BAINS"]
[Date "2009.04.20"]
[Round "3.11"]
[White "Khan, Mai-Ly"]
[Black "Bertin, Cecile"]
[Result "0-1"]
[WhiteElo "1769"]
[BlackElo "1510"]
[PlyCount "64"]

1. e4 c5 2. Nc3 e6 3. g3 Nc6 4. Bg2 Nf6 5. d3 Be7 6. Nge2 d5 7. exd5 exd5 8.
O-O Be6 9. Nf4 Qd7 10. Re1 O-O 11. Nxe6 fxe6 12. Bh3 Nd4 13. Be3 Nf5 14. Bxf5
exf5 15. d4 Ng4 16. dxc5 Nxe3 17. Rxe3 Bxc5 18. Re5 b6 19. Rxd5 Qc6 20. Ne2
Rae8 21. c3 Rxe2 22. Qxe2 Qxd5 23. b4 Bd6 24. Rd1 Qe5 25. Qc4+ Kh8 26. Kf1 f4
27. Re1 Qf5 28. Qd4 f3 29. Re3 Qg6 30. Qd5 Bc7 31. Rxf3 Qe8 32. Re3 Qxe3 0-1

[Event "Championnat de France des Jeunes - Minim"]
[Site "AIX LES BAINS"]
[Date "2009.04.20"]
[Round "3.12"]
[White "Uhl, Sarah"]
[Black "Harwood, Elisabeth"]
[Result "1-0"]
[WhiteElo "1729"]
[BlackElo "1460"]
[PlyCount "139"]

1. e4 e5 2. Nf3 Nf6 3. Nc3 Nc6 4. d4 Bb4 5. Qd3 exd4 6. Nxd4 Bxc3+ 7. bxc3 Ne5
8. Qg3 Ng6 9. Bd3 d6 10. O-O O-O 11. f4 Re8 12. f5 Nf8 13. Bg5 Qe7 14. Rae1 Qe5
15. Bf4 Qc5 16. Bd2 Qe5 17. Qf3 Bd7 18. Kh1 c5 19. Bf4 Qe7 20. Nb5 Bxb5 21.
Bxb5 Red8 22. Bc4 a6 23. e5 dxe5 24. Rxe5 Qc7 25. Rfe1 Qc6 26. Qxc6 bxc6 27.
Rxc5 Rdc8 28. Kg1 a5 29. Re7 N8d7 30. Rxf7 Nxc5 31. Rxf6+ Kh8 32. Rf7 Rf8 33.
Rxf8+ Rxf8 34. g4 Ne4 35. Bc7 Nxc3 36. Bxa5 Nxa2 37. Bxa2 Ra8 38. Kf2 Rxa5 39.
Bb3 Ra7 40. h4 c5 41. Kf3 Ra6 42. Ke4 g6 43. fxg6 hxg6 44. h5 gxh5 45. gxh5 Rc6
46. Kd5 Rc8 47. Bc4 Kh7 48. Kd6 Kh6 49. Be6 Re8 50. c4 Kxh5 51. Bf7+ Kg5 52.
Bxe8 Kf6 53. Kxc5 Ke7 54. Bb5 Kd8 55. Kc6 Kc8 56. c5 Kd8 57. Kb7 Ke7 58. c6 Kd6
59. c7 Kc5 60. c8=Q+ Kxb5 61. Qf5+ Kc4 62. Kc6 Kc3 63. Kc5 Kd2 64. Qh3 Ke2 65.
Kd4 Kf2 66. Ke4 Kg1 67. Qa3 Kf1 68. Qa2 Ke1 69. Ke3 Kd1 70. Qd2# 1-0

[Event "Championnat de France des Jeunes - Minim"]
[Site "AIX LES BAINS"]
[Date "2009.04.20"]
[Round "3.13"]
[White "Brajon, Victoria"]
[Black "Guo, Charlotte"]
[Result "0-1"]
[WhiteElo "1490"]
[BlackElo "1713"]
[PlyCount "98"]

1. e4 e5 2. Nf3 Nc6 3. Bc4 Bc5 4. c3 Nf6 5. d3 d6 6. h3 Be6 7. Bb3 a6 8. Be3
Ba7 9. O-O h6 10. Nbd2 O-O 11. Bxa7 Rxa7 12. d4 exd4 13. cxd4 Bxb3 14. Qxb3 Re8
15. Rfe1 Qd7 16. Re2 Raa8 17. Rae1 b6 18. a3 d5 19. e5 Nh5 20. e6 Rxe6 21. Ne5
Nxe5 22. Rxe5 Rae8 23. Nf3 Nf6 24. R1e3 Rxe5 25. Nxe5 Qd6 26. Qd1 Re6 27. Qf3
Re7 28. h4 Nd7 29. Qf5 Nxe5 30. dxe5 Qe6 31. Qd3 a5 32. Qc2 c5 33. f4 Qg4 34.
Qf2 d4 35. Qd2 Qxf4 36. Re2 Qxd2 37. Rxd2 Rxe5 38. Kf2 Re3 39. Re2 Rxe2+ 40.
Kxe2 Kf8 41. Kd3 Ke7 42. Kc4 Kd6 43. b4 axb4 44. axb4 Ke5 45. bxc5 bxc5 46. Kd3
Kf4 47. Ke2 c4 48. Kf2 c3 49. g3+ Kg4 0-1

[Event "Championnat de France des Jeunes - Minim"]
[Site "AIX LES BAINS"]
[Date "2009.04.20"]
[Round "3.14"]
[White "Haller, Noemie"]
[Black "Lenoel, Marine"]
[Result "0-1"]
[WhiteElo "1450"]
[BlackElo "1687"]
[PlyCount "54"]

1. e4 e5 2. d4 exd4 3. c3 d5 4. exd5 Qxd5 5. Nf3 Bg4 6. Be2 Nc6 7. Nxd4 Qxg2 8.
Rf1 Bxe2 9. Qxe2+ Be7 10. Nf5 O-O-O 11. Bf4 Qg6 12. Nh4 Bxh4 13. Nd2 Qe6 14.
Be3 Bf6 15. a4 Nge7 16. Ra3 Nf5 17. Nc4 Nxe3 18. Nxe3 Bg5 19. c4 Nd4 20. Qd1
Rhe8 21. Rd3 Qxc4 22. Qg4+ Kb8 23. Rc3 Nc2+ 24. Rxc2 Qxg4 25. Rc1 Bxe3 26. fxe3
Rxe3+ 27. Kf2 Re2# 0-1

[Event "Championnat de France des Jeunes - Minim"]
[Site "AIX LES BAINS"]
[Date "2009.04.20"]
[Round "3.15"]
[White "Bourdaim, Hanna"]
[Black "Josse, Mathilde"]
[Result "0-1"]
[WhiteElo "1400"]
[BlackElo "1681"]
[Annotator ",Joelle"]
[PlyCount "84"]

1. e4 g6 2. Nf3 Bg7 3. Bc4 d6 4. Nc3 Bg4 5. Bxf7+ Kxf7 6. Ng5+ Ke8 7. Qxg4 Nf6
8. Qh3 Qd7 9. Ne6 Kf7 10. Ng5+ Ke8 11. Qe6 Rf8 12. Nb5 h6 13. Qxd7+ Kxd7 14.
Nxc7 hxg5 15. Nxa8 Nxe4 16. d3 Nc5 17. O-O {=} Nc6 18. Rb1 Bf6 19. b4 Ne6 20.
b5 Ncd4 21. b6 Rxa8 22. bxa7 Rxa7 23. Be3 Nc5 24. Bxd4 Bxd4 25. Rb4 Bf6 26. d4
Na6 27. Rb5 Nc7 28. Rb4 Rxa2 29. c3 Rc2 30. Rb3 Kc6 31. Rfb1 Nd5 32. Rxb7 Nxc3
33. R1b6+ Kd5 34. g3 Bxd4 35. Ra6 Rxf2 36. Ra5+ Ke6 37. Kh1 Nd5 38. Rb1 Bc5 39.
Re1+ Kf6 40. Rd1 Ne3 41. Rb1 Ng4 42. Kg1 Rb2+ 0-1

[Event "Championnat de France des Jeunes - Benjamins"]
[Site "AIX LES BAINS"]
[Date ""]
[Round "3.1"]
[White "Giroyan, Gary"]
[Black "Cornaton, Antoine"]
[Result "1-0"]
[WhiteElo "2168"]
[BlackElo "1870"]
[Annotator ""]

1. e4 e6 2. d4 d5 3. Nc3 Nf6 4. Bg5 Be7 5. e5 Nfd7 6. h4 h6 7. Bxe7 Qxe7 8. Qg4
f5 9. Qg3 Rg8 10. Bd3 Nb6 11. Nge2 Nc6 12. Qf3 Nb4 13. O-O-O Bd7 14. g4 Nxd3+
15. cxd3 fxg4 16. Qxg4 O-O-O 17. Kb1 g6 18. Qf4 Rh8 19. Qg3 Rdg8 20. Rdg1 Be8
21. Qg4 g5 22. hxg5 hxg5 23. Rxh8 Rxh8 24. Qxg5 Qxg5 25. Rxg5 Na4 26. Nf4 Bd7
27. Nce2 c6 28. Rh5 Rxh5 29. Nxh5 Nb6 30. Kc2 Be8 31. Nf6 Bg6 32. Nf4 Bf5 33.
Ne8 Kd7 34. Nd6 Kc7 35. Nxf5 exf5 36. Ne6+ Kd7 37. Nc5+ Kc7 38. Kd2 Nc8 39. Ke3
Ne7 40. Kf4 b6 41. Ne6+ Kd7 42. Ng7 c5 43. Nxf5 Nxf5 44. Kxf5 c4 45. dxc4 dxc4
46. Ke4 a5 47. a4 b5 48. Kd5 c3 49. bxc3 bxa4 50. Kc4 Ke8 1-0

[Event "Championnat de France des Jeunes - Benja"]
[Site "AIX LES BAINS"]
[Date "2009.04.20"]
[Round "3.2"]
[White "Luciani, Thibault"]
[Black "Loiseau, Quentin"]
[Result "0-1"]
[WhiteElo "1864"]
[BlackElo "2076"]
[PlyCount "120"]

1. e4 e5 2. Nf3 Nc6 3. Bc4 Bc5 4. c3 Nf6 5. d4 exd4 6. cxd4 Bb4+ 7. Nc3 Nxe4 8.
O-O Nxc3 9. bxc3 d5 10. cxb4 dxc4 11. b5 Ne7 12. Re1 O-O 13. Qc2 Nf5 14. Qxc4
Nd6 15. Qb3 Be6 16. d5 Bf5 17. Nd4 Qd7 18. Bb2 Rfe8 19. Qg3 Bg6 20. h4 Nc4 21.
Bc3 Qxd5 22. Rxe8+ Rxe8 23. Qxc7 h6 24. Qg3 Nd6 25. Bb2 Nxb5 26. Nxb5 Qxb5 27.
Qc3 f6 28. Rc1 Re2 29. Ba3 Be8 30. Re1 Bc6 31. Rxe2 Qxe2 32. Qb3+ Kh7 33. Qb2
Qe4 34. f3 Qe1+ 35. Kh2 Qxh4+ 36. Kg1 Qe1+ 37. Kh2 Qe5+ 38. Qxe5 fxe5 39. Bd6
e4 40. fxe4 Bxe4 41. g3 h5 42. a3 Kg6 43. Kh3 Kf5 44. Bc5 b6 45. Bd6 b5 46. Bb8
a6 47. Bc7 g6 48. Ba5 Ke6 49. Kh4 Kd5 50. Kg5 Kc4 51. Kf4 Bf5 52. Ke3 Kb3 53.
Bb4 a5 54. Bxa5 Kxa3 55. Bd8 Kb2 56. Kd2 b4 57. Bf6+ Ka2 58. Kc1 b3 59. Be5 g5
60. Bf6 h4 0-1

[Event "Championnat de France des Jeunes - Benja"]
[Site "AIX LES BAINS"]
[Date "2009.04.20"]
[Round "3.3"]
[White "Roubaud, Alexandre"]
[Black "Ravot, Emmanuel"]
[Result "1-0"]
[WhiteElo "2074"]
[BlackElo "1857"]
[PlyCount "69"]

1. e4 g6 2. d4 Bg7 3. Nc3 d6 4. f4 Nf6 5. Nf3 c5 6. Bb5+ Bd7 7. Bxd7+ Nfxd7 8.
d5 b5 9. O-O b4 10. Nb1 Nb6 11. a3 N8d7 12. Qe2 a5 13. c4 O-O 14. e5 e6 15.
dxe6 fxe6 16. exd6 Nf6 17. axb4 axb4 18. Rxa8 Qxa8 19. Qxe6+ Kh8 20. Ng5 Qb7
21. d7 Qxd7 22. Qxb6 Qd4+ 23. Kh1 Ng4 24. h3 Qd3 25. Nd2 Ne3 26. Rg1 Rxf4 27.
Ndf3 h6 28. Bxe3 Qxe3 29. Re1 Qxe1+ 30. Nxe1 Rf1+ 31. Kh2 hxg5 32. Nf3 Bxb2 33.
Qxc5 Bc1 34. Qf8+ Kh7 35. Nxg5+ 1-0

[Event "Championnat de France des Jeunes - Benja"]
[Site "AIX LES BAINS"]
[Date "2009.04.20"]
[Round "3.4"]
[White "Grandadam, Patrick"]
[Black "Perrois, Aurelien"]
[Result "1/2-1/2"]
[WhiteElo "2055"]
[BlackElo "1840"]
[PlyCount "47"]

1. Nf3 Nf6 2. c4 c6 3. d4 g6 4. Nc3 Bg7 5. e4 d6 6. Be2 O-O 7. O-O Nbd7 8. e5
dxe5 9. dxe5 Ne8 10. e6 fxe6 11. Ng5 Nc7 12. Qc2 Ne5 13. Rd1 Qe8 14. Be3 Nf7
15. Nge4 e5 16. Ng3 Nd6 17. Bd3 Be6 18. Nce4 b6 19. h4 Nf5 20. h5 Nxe3 21. fxe3
Bf5 22. Rf1 e6 23. Qe2 Qe7 24. Rad1 1/2-1/2

[Event "Championnat de France des Jeunes - Benja"]
[Site "AIX LES BAINS"]
[Date "2009.04.20"]
[Round "3.5"]
[White "Neri, Jean-Baptiste"]
[Black "Bernard, Alien"]
[Result "1-0"]
[WhiteElo "2009"]
[BlackElo "1800"]
[PlyCount "51"]

1. e4 e5 2. Nf3 Nf6 3. Nxe5 d6 4. Nf3 Nxe4 5. Nc3 Nxc3 6. dxc3 Bg4 7. Be3 Be7
8. Qd2 Nc6 9. Be2 O-O 10. O-O-O a5 11. h3 Be6 12. Kb1 Ne5 13. Nd4 Nc4 14. Bxc4
Bxc4 15. g4 Qd7 16. Nf5 Be6 17. Nxe7+ Qxe7 18. f4 f5 19. gxf5 Rxf5 20. Rhg1 b5
21. Bd4 g6 22. Rde1 Qf7 23. h4 b4 24. b3 bxc3 25. Bxc3 a4 26. Qd4 1-0